[Event "DVM U10 2024"]
[Site "Düsseldorf GER"]
[Date "2024.12.27"]
[Round "2"]
[White "Bryzgalov, Mikhail"]
[Black "Wang, Hanyu"]
[Result "0-1"]
[Termination "normal"]
[Board "15.3"]
[WhiteElo "886"]
[BlackElo "1065"]
[WhiteClock "00:40:55"]
[BlackClock "00:50:26"]
[WhiteTeam "USV Halle"]
[BlackTeam "SC Stetten a.d.F."]
[PlyCount "70"]
[EventCountry "GER"]
[EventRounds "7"]
[EventType "team-swiss"]
[EventDate "2024.12.26"]

1. e4 {[%clk 00:55:08]} {[%emt 00:00:03]} e5 {[%clk 00:55:04]} {[%emt
00:00:07]} 2. Nf3 {[%clk 00:55:04]} {[%emt 00:00:07]} Nc6 {[%clk 00:55:01]}
{[%emt 00:00:08]} 3. Bc4 {[%clk 00:55:02]} {[%emt 00:00:06]} Bc5 {[%clk
00:55:00]} {[%emt 00:00:07]} 4. d4 {[%clk 00:54:50]} {[%emt 00:00:15]} exd4
{[%clk 00:55:00]} {[%emt 00:00:07]} 5. Ng5 {[%clk 00:54:45]} {[%emt 00:00:10]}
d5 {[%clk 00:54:20]} {[%emt 00:00:46]} 6. Bxd5 {[%clk 00:54:38]} {[%emt
00:00:11]} Be6 {[%clk 00:54:06]} {[%emt 00:00:19]} 7. Bxe6 {[%clk 00:54:37]}
{[%emt 00:00:06]} fxe6 {[%clk 00:54:08]} {[%emt 00:00:05]} 8. Nxe6 {[%emt
00:00:18]} Qe7 {[%emt 00:00:09]} 9. Nxc5 {[%emt 00:00:12]} Qxc5 {[%emt
00:00:07]} 10. O-O {[%clk 00:53:28]} {[%emt 00:00:27]} O-O-O {[%clk 00:54:04]}
{[%emt 00:00:08]} 11. Bg5 {[%clk 00:53:07]} {[%emt 00:00:25]} Qxg5 {[%clk
00:53:48]} {[%emt 00:00:23]} 12. f4 {[%clk 00:52:47]} {[%emt 00:00:24]} Qe7
{[%clk 00:53:31]} {[%emt 00:00:21]} 13. e5 {[%emt 00:00:43]} g6 {[%emt
00:00:29]} 14. Re1 {[%clk 00:51:25]} {[%emt 00:00:15]} Nh6 {[%clk 00:53:03]}
15. e6 {[%emt 00:00:53]} Rhf8 16. g3 {[%clk 00:50:19]} {[%emt 00:00:53]} Rf6
{[%clk 00:52:46]} 17. Re2 {[%emt 00:00:36]} Rxe6 18. Rxe6 {[%clk 00:49:41]}
{[%emt 00:00:28]} Qxe6 {[%clk 00:52:45]} 19. Na3 {[%clk 00:49:30]} {[%emt
00:00:22]} Qe3+ {[%clk 00:52:09]} 20. Kg2 {[%emt 00:00:53]} d3 21. Nc4 {[%emt
00:01:05]} Qe4+ 22. Kf2 {[%clk 00:47:37]} {[%emt 00:00:41]} Qxc4 {[%clk
00:51:54]} 23. cxd3 {[%clk 00:47:36]} {[%emt 00:00:25]} Rxd3 {[%clk 00:51:52]}
24. Qe2 {[%clk 00:46:49]} {[%emt 00:00:59]} Qd4+ {[%clk 00:51:23]} 25. Kf1
{[%emt 00:00:56]} b6 26. b3 {[%clk 00:42:27]} {[%emt 00:12:22]} Qxa1+ 27. Kf2
{[%clk 00:42:27]} Qd1 28. Qe8+ {[%clk 00:42:27]} Kb7 29. Qe2 {[%clk 00:42:27]}
Rd2 {[%clk 00:51:03]} 30. Qxd2 {[%clk 00:42:27]} Qxd2+ {[%clk 00:51:03]} 31.
Kf3 {[%clk 00:42:13]} Qe1 {[%clk 00:50:49]} 32. h3 {[%clk 00:42:13]} Nd4+
{[%clk 00:50:49]} 33. Kg2 {[%clk 00:40:55]} Qe2+ {[%clk 00:50:26]} 34. Kg1 Nf3+
35. Kh1 Qg2+ 0-1

[Event "DVM U10 2024"]
[Site "Düsseldorf GER"]
[Date "2024.12.27"]
[Round "2"]
[White "Möller, Lia Sofie"]
[Black "Wüstenberg, Felix"]
[Result "1-0"]
[Termination "normal"]
[Board "16.4"]
[WhiteElo "829"]
[BlackElo "975"]
[WhiteClock "00:00:47"]
[BlackClock "00:01:07"]
[WhiteTeam "SG Blau-Weiß Stadtilm"]
[BlackTeam "SpVgg Rommelshausen"]
[PlyCount "205"]
[WhiteFideId "34684131"]
[EventCountry "GER"]
[EventRounds "7"]
[EventType "team-swiss"]
[EventDate "2024.12.26"]

1. d4 {[%clk 00:55:07]} {[%emt 00:00:04]} d5 {[%clk 00:54:59]} {[%emt
00:00:09]} 2. Bf4 {[%clk 00:54:47]} {[%emt 00:00:26]} Bf5 {[%clk 00:54:49]}
{[%emt 00:00:14]} 3. e3 {[%clk 00:54:43]} {[%emt 00:00:10]} Nf6 {[%clk
00:54:37]} {[%emt 00:00:18]} 4. Nf3 {[%clk 00:54:41]} {[%emt 00:00:05]} Nc6
{[%clk 00:54:08]} {[%emt 00:00:35]} 5. Bd3 {[%clk 00:54:08]} {[%emt 00:00:38]}
Bg6 {[%clk 00:54:11]} {[%emt 00:00:02]} 6. Nbd2 {[%clk 00:53:55]} {[%emt
00:00:19]} e6 {[%clk 00:54:02]} {[%emt 00:00:13]} 7. h3 {[%clk 00:53:30]}
{[%emt 00:00:30]} Bd6 {[%clk 00:53:56]} {[%emt 00:00:11]} 8. Bh2 {[%clk
00:53:21]} {[%emt 00:00:13]} O-O {[%clk 00:53:51]} {[%emt 00:00:08]} 9. O-O
{[%clk 00:53:20]} {[%emt 00:00:09]} Nb4 {[%clk 00:53:09]} {[%emt 00:00:47]} 10.
Nb3 {[%clk 00:52:26]} {[%emt 00:00:59]} Nxd3 {[%clk 00:52:38]} {[%emt
00:00:36]} 11. cxd3 {[%clk 00:52:16]} {[%emt 00:00:14]} Bh5 {[%clk 00:51:41]}
{[%emt 00:01:03]} 12. Qc2 {[%clk 00:50:55]} {[%emt 00:01:26]} Qe7 {[%clk
00:48:36]} {[%emt 00:03:09]} 13. Nbd2 {[%clk 00:50:22]} {[%emt 00:00:39]} Bb4
{[%clk 00:43:32]} {[%emt 00:14:14]} 14. Bxc7 {[%clk 00:49:37]} Rac8 {[%clk
00:42:59]} 15. Rac1 {[%clk 00:48:13]} Bxf3 {[%clk 00:41:50]} 16. Nxf3 {[%clk
00:47:57]} Ba5 {[%clk 00:41:20]} 17. Qa4 {[%clk 00:47:23]} Bxc7 {[%clk
00:40:59]} 18. Ra1 {[%clk 00:47:14]} Bb6 {[%clk 00:40:27]} 19. Ne5 {[%clk
00:45:39]} Qe8 {[%clk 00:36:31]} {[%emt 00:03:37]} 20. Qd1 {[%clk 00:44:43]}
{[%emt 00:01:00]} Ba5 {[%clk 00:34:03]} {[%emt 00:02:36]} 21. Qf3 {[%clk
00:43:56]} {[%emt 00:00:50]} Nd7 {[%clk 00:31:57]} {[%emt 00:02:12]} 22. Ng4
{[%clk 00:42:23]} {[%emt 00:01:36]} f5 {[%clk 00:29:43]} {[%emt 00:02:21]} 23.
Nh2 {[%clk 00:41:27]} {[%emt 00:01:01]} e5 {[%clk 00:28:07]} {[%emt 00:01:41]}
24. Qg3 {[%clk 00:41:03]} {[%emt 00:00:29]} exd4 {[%clk 00:27:25]} {[%emt
00:00:48]} 25. exd4 {[%clk 00:40:36]} {[%emt 00:00:31]} Qg6 {[%clk 00:26:49]}
{[%emt 00:00:40]} 26. Qf3 {[%clk 00:38:08]} {[%emt 00:02:34]} Nb6 {[%clk
00:24:52]} {[%emt 00:02:03]} 27. a3 {[%clk 00:35:36]} {[%emt 00:02:37]} Na8
{[%clk 00:23:08]} {[%emt 00:01:49]} 28. Qxd5+ {[%clk 00:35:19]} {[%emt
00:00:22]} Kh8 {[%clk 00:22:12]} {[%emt 00:01:00]} 29. Qxa5 {[%clk 00:35:10]}
{[%emt 00:00:15]} Rfd8 {[%clk 00:21:31]} {[%emt 00:00:43]} 30. Qxa7 {[%clk
00:34:28]} {[%emt 00:00:49]} Rxd4 {[%emt 00:02:15]} 31. Qxd4 {[%clk 00:33:37]}
{[%emt 00:00:16]} Qe8 {[%clk 00:20:05]} {[%emt 00:00:34]} 32. Rfe1 {[%clk
00:33:13]} {[%emt 00:00:29]} Qd8 {[%clk 00:19:12]} {[%emt 00:00:59]} 33. Qc3
{[%clk 00:32:10]} {[%emt 00:01:07]} Rxc3 {[%clk 00:19:00]} {[%emt 00:00:17]}
34. bxc3 {[%clk 00:31:57]} {[%emt 00:00:19]} h6 {[%clk 00:18:57]} {[%emt
00:00:07]} 35. Nf3 {[%clk 00:31:46]} {[%emt 00:00:16]} Kh7 {[%clk 00:18:29]}
{[%emt 00:00:33]} 36. Ne5 {[%clk 00:31:18]} {[%emt 00:00:32]} Qa5 {[%clk
00:17:37]} {[%emt 00:00:58]} 37. c4 {[%clk 00:30:39]} {[%emt 00:00:45]} Qc3
{[%clk 00:15:59]} {[%emt 00:01:43]} 38. Rab1 {[%clk 00:28:48]} {[%emt
00:01:55]} b6 {[%clk 00:15:39]} {[%emt 00:00:25]} 39. Ra1 {[%clk 00:27:32]}
{[%emt 00:01:21]} Qd4 {[%clk 00:14:43]} {[%emt 00:01:00]} 40. Rab1 {[%clk
00:25:34]} {[%emt 00:02:04]} Qf4 {[%clk 00:14:13]} {[%emt 00:00:35]} 41. Rb5
{[%clk 00:25:05]} {[%emt 00:00:35]} Qd2 {[%clk 00:13:33]} {[%emt 00:00:44]} 42.
Rbb1 {[%clk 00:24:45]} {[%emt 00:00:25]} Qa5 {[%clk 00:13:03]} {[%emt
00:00:36]} 43. Ra1 {[%clk 00:24:22]} {[%emt 00:00:28]} Qc5 {[%clk 00:11:57]}
{[%emt 00:01:10]} 44. Ra2 {[%clk 00:23:59]} {[%emt 00:00:28]} Qa5 {[%clk
00:11:41]} {[%emt 00:00:21]} 45. Raa1 {[%clk 00:23:50]} {[%emt 00:00:14]} Qc3
{[%clk 00:11:39]} {[%emt 00:00:08]} 46. Kh1 {[%clk 00:23:09]} {[%emt 00:00:44]}
Qd4 {[%clk 00:11:20]} {[%emt 00:00:25]} 47. Kg1 {[%clk 00:22:59]} {[%emt
00:00:15]} Qc5 {[%clk 00:09:29]} {[%emt 00:01:57]} 48. Kf1 {[%clk 00:22:08]}
{[%emt 00:00:55]} Qd4 {[%clk 00:08:19]} {[%emt 00:01:15]} 49. Kg1 {[%clk
00:21:28]} {[%emt 00:00:44]} Qf4 {[%clk 00:08:04]} {[%emt 00:00:21]} 50. Ra2
{[%clk 00:20:53]} {[%emt 00:00:40]} Qd4 {[%clk 00:06:44]} {[%emt 00:01:24]} 51.
Kf1 {[%clk 00:20:18]} {[%emt 00:00:41]} Qc3 {[%clk 00:05:42]} {[%emt 00:01:07]}
52. Raa1 {[%clk 00:20:01]} {[%emt 00:00:22]} Qb2 {[%clk 00:04:40]} {[%emt
00:01:08]} 53. Kg1 {[%clk 00:19:43]} {[%emt 00:00:22]} f4 {[%clk 00:04:28]}
{[%emt 00:00:17]} 54. a4 {[%clk 00:18:50]} {[%emt 00:00:58]} Qd4 {[%clk
00:03:31]} {[%emt 00:01:02]} 55. Ra3 {[%clk 00:18:00]} {[%emt 00:00:55]} Qb2
{[%clk 00:03:03]} {[%emt 00:00:34]} 56. Raa1 {[%clk 00:17:50]} {[%emt
00:00:15]} g5 {[%clk 00:02:13]} {[%emt 00:00:55]} 57. Kf1 {[%clk 00:16:29]}
{[%emt 00:01:26]} h5 {[%clk 00:01:51]} {[%emt 00:00:27]} 58. Nf3 {[%clk
00:15:45]} {[%emt 00:00:48]} g4 {[%clk 00:01:43]} {[%emt 00:00:13]} 59. Ng5+
{[%clk 00:15:31]} {[%emt 00:00:20]} Kh6 {[%clk 00:01:39]} {[%emt 00:00:08]} 60.
Nf7+ {[%clk 00:14:53]} {[%emt 00:00:43]} Kg7 {[%clk 00:01:24]} {[%emt
00:00:20]} 61. Ng5 {[%clk 00:13:59]} {[%emt 00:00:56]} Kg6 {[%clk 00:01:08]}
{[%emt 00:00:24]} 62. h4 {[%clk 00:13:08]} {[%emt 00:00:55]} Qd4 {[%clk
00:01:07]} {[%emt 00:00:08]} 63. Rad1 {[%clk 00:12:10]} {[%emt 00:01:02]} g3
{[%clk 00:00:57]} {[%emt 00:00:16]} 64. Re6+ {[%clk 00:11:57]} {[%emt
00:00:18]} Kf5 {[%clk 00:00:56]} {[%emt 00:00:06]} 65. Re2 {[%clk 00:11:13]}
{[%emt 00:00:58]} Kg4 {[%clk 00:00:49]} {[%emt 00:00:13]} 66. Nf3 {[%clk
00:10:59]} {[%emt 00:00:19]} Qc5 {[%clk 00:00:21]} 67. Rdd2 {[%clk 00:10:12]}
{[%emt 00:01:25]} Qb4 {[%clk 00:00:16]} 68. Ne5+ {[%clk 00:09:57]} {[%emt
00:00:30]} Kf5 {[%clk 00:00:20]} 69. Rd1 {[%clk 00:09:38]} {[%emt 00:00:25]}
Qb3 {[%clk 00:00:21]} 70. Rdd2 {[%clk 00:09:12]} {[%emt 00:00:35]} Qb1+ {[%clk
00:00:24]} 71. Re1 {[%clk 00:08:55]} {[%emt 00:00:24]} Qb3 {[%clk 00:00:28]}
72. Nf3 {[%clk 00:08:32]} {[%emt 00:00:28]} Qc3 {[%clk 00:00:31]} 73. Rdd1
{[%clk 00:07:59]} {[%emt 00:00:40]} Qb4 {[%clk 00:00:34]} 74. Rb1 {[%clk
00:07:16]} {[%emt 00:00:50]} Qc5 {[%clk 00:00:36]} 75. Rb5 {[%clk 00:06:50]}
{[%emt 00:00:34]} Nc7 {[%clk 00:00:40]} {[%emt 00:14:05]} 76. Re5+ {[%clk
00:06:40]} {[%emt 00:00:16]} Kf6 {[%clk 00:00:31]} {[%emt 00:00:13]} 77. Rbxc5
bxc5 78. Rxc5 {[%emt 00:00:36]} Na6 {[%clk 00:00:36]} {[%emt 00:00:01]} 79.
Rc6+ {[%clk 00:05:10]} {[%emt 00:00:37]} Ke7 {[%clk 00:00:40]} {[%emt
00:00:02]} 80. Rxa6 {[%clk 00:05:02]} {[%emt 00:00:13]} Kd7 {[%clk 00:00:44]}
{[%emt 00:00:01]} 81. Ne5+ {[%clk 00:04:43]} {[%emt 00:00:23]} Kc7 {[%clk
00:00:47]} {[%emt 00:00:02]} 82. Rc6+ {[%clk 00:04:31]} {[%emt 00:00:17]} Kb7
{[%clk 00:00:49]} {[%emt 00:00:03]} 83. a5 {[%clk 00:04:22]} {[%emt 00:00:14]}
Ka7 {[%clk 00:00:53]} {[%emt 00:00:01]} 84. Rc7+ {[%clk 00:04:11]} {[%emt
00:00:16]} Ka6 {[%clk 00:00:55]} {[%emt 00:00:03]} 85. Rc5 {[%clk 00:03:49]}
{[%emt 00:00:26]} Kb7 {[%emt 00:00:04]} 86. Rb5+ {[%clk 00:03:37]} {[%emt
00:00:15]} Ka6 {[%clk 00:01:04]} {[%emt 00:00:01]} 87. Nc6 {[%clk 00:03:01]}
{[%emt 00:00:41]} gxf2 {[%clk 00:00:58]} {[%emt 00:00:10]} 88. Kxf2 {[%clk
00:02:48]} {[%emt 00:00:18]} f3 {[%clk 00:01:01]} {[%emt 00:00:03]} 89. Rxh5
{[%clk 00:02:31]} {[%emt 00:00:21]} Kb7 {[%emt 00:00:02]} 90. Nd8+ {[%clk
00:02:12]} {[%emt 00:00:22]} Kc7 {[%clk 00:01:06]} {[%emt 00:00:05]} 91. Rd5
{[%clk 00:01:58]} {[%emt 00:00:20]} Kc8 {[%clk 00:01:08]} {[%emt 00:01:28]} 92.
Kxf3 {[%clk 00:03:33]} {[%emt 00:00:20]} Kc7 {[%clk 00:01:11]} {[%emt
00:00:02]} 93. Ne6+ {[%clk 00:03:17]} {[%emt 00:00:20]} Kc6 {[%clk 00:01:11]}
{[%emt 00:00:06]} 94. Nc5 {[%clk 00:02:47]} {[%emt 00:00:35]} Kc7 {[%clk
00:01:08]} {[%emt 00:00:09]} 95. Rd7+ {[%clk 00:02:41]} {[%emt 00:00:11]} Kc6
{[%clk 00:01:12]} 96. Rd5 {[%clk 00:02:13]} {[%emt 00:00:32]} Kc7 {[%clk
00:01:16]} {[%emt 00:00:02]} 97. a6 {[%clk 00:02:06]} {[%emt 00:00:12]} Kb6
{[%clk 00:01:17]} {[%emt 00:00:05]} 98. d4 {[%clk 00:01:44]} {[%emt 00:00:26]}
Kc6 {[%emt 00:00:06]} 99. a7 {[%clk 00:01:32]} {[%emt 00:00:15]} Kc7 {[%clk
00:01:08]} {[%emt 00:00:15]} 100. Rd7+ {[%clk 00:01:13]} {[%emt 00:00:24]} Kc6
{[%clk 00:01:10]} {[%emt 00:00:03]} 101. a8=Q+ {[%clk 00:00:50]} {[%emt
00:00:27]} Kb6 {[%clk 00:01:12]} {[%emt 00:00:04]} 102. Qa7+ {[%clk 00:00:45]}
{[%emt 00:00:09]} Kc6 {[%clk 00:01:07]} {[%emt 00:00:12]} 103. Qc7# {[%clk
00:00:47]} {[%emt 00:00:02]} 1-0

[Event "DVM U10 2024"]
[Site "Düsseldorf GER"]
[Date "2024.12.27"]
[Round "2"]
[White "Sanguinette, Luis"]
[Black "Sachse, Alina"]
[Result "1-0"]
[Termination "normal"]
[Board "18.3"]
[WhiteElo "918"]
[BlackElo "848"]
[WhiteClock "00:07:34"]
[BlackClock "00:09:52"]
[WhiteTeam "Schachzwerge Magdeburg"]
[BlackTeam "SV Eintracht Tangerhütte"]
[PlyCount "173"]
[EventCountry "GER"]
[EventRounds "7"]
[EventType "team-swiss"]
[EventDate "2024.12.26"]

1. e4 {[%clk 00:55:06]} {[%emt 00:00:02]} e5 {[%clk 00:55:03]} {[%emt
00:00:08]} 2. Nf3 {[%clk 00:55:06]} {[%emt 00:00:05]} Nc6 {[%clk 00:54:52]}
{[%emt 00:00:15]} 3. Nc3 {[%clk 00:55:06]} {[%emt 00:00:05]} Bc5 {[%clk
00:54:40]} {[%emt 00:00:16]} 4. Nxe5 {[%clk 00:54:52]} {[%emt 00:00:21]} Nxe5
{[%clk 00:54:35]} {[%emt 00:00:10]} 5. d4 {[%clk 00:54:49]} {[%emt 00:00:09]}
Bd6 {[%clk 00:54:25]} {[%emt 00:00:14]} 6. dxe5 {[%emt 00:00:14]} Bxe5 {[%clk
00:54:21]} {[%emt 00:00:04]} 7. Bc4 {[%clk 00:53:32]} {[%emt 00:01:18]} f5
{[%clk 00:54:11]} {[%emt 00:00:15]} 8. Qe2 {[%clk 00:53:18]} {[%emt 00:00:18]}
Nf6 {[%clk 00:54:06]} {[%emt 00:00:11]} 9. exf5 {[%clk 00:52:56]} {[%emt
00:00:28]} d6 {[%clk 00:53:37]} {[%emt 00:00:33]} 10. Bb5+ {[%clk 00:52:12]}
{[%emt 00:00:49]} Bd7 {[%clk 00:53:28]} {[%emt 00:00:13]} 11. Bxd7+ {[%clk
00:52:10]} {[%emt 00:00:07]} Qxd7 {[%clk 00:53:19]} {[%emt 00:00:14]} 12. O-O
{[%clk 00:52:03]} {[%emt 00:00:11]} O-O-O {[%clk 00:53:15]} {[%emt 00:00:11]}
13. Ne4 {[%clk 00:50:45]} {[%emt 00:01:23]} Nd5 {[%clk 00:52:23]} {[%emt
00:00:55]} 14. Qc4 {[%clk 00:49:45]} {[%emt 00:01:06]} Nb6 {[%clk 00:52:02]}
{[%emt 00:00:26]} 15. Qb4 {[%clk 00:46:28]} {[%emt 00:03:22]} Qc6 {[%clk
00:51:44]} {[%emt 00:00:23]} 16. Be3 {[%clk 00:44:57]} {[%emt 00:13:01]} d5
{[%clk 00:51:22]} 17. Nc5 {[%clk 00:44:23]} Bd6 {[%clk 00:50:51]} 18. Qc3
{[%clk 00:42:23]} Nc4 {[%clk 00:50:27]} 19. Ne6 {[%clk 00:41:24]} Rde8 {[%clk
00:50:03]} 20. Nxg7 {[%clk 00:40:28]} Reg8 {[%clk 00:49:32]} 21. Rae1 {[%clk
00:39:15]} Qd7 {[%clk 00:49:01]} 22. Bd4 {[%clk 00:38:53]} Qf7 {[%clk
00:48:40]} 23. f6 {[%clk 00:38:24]} Qg6 {[%clk 00:46:35]} {[%emt 00:01:38]} 24.
Qb3 {[%clk 00:35:46]} {[%emt 00:02:43]} Qg4 {[%clk 00:46:05]} {[%emt 00:00:33]}
25. Ne6 {[%clk 00:34:01]} {[%emt 00:01:52]} Qh4 {[%clk 00:45:30]} {[%emt
00:00:40]} 26. g3 {[%clk 00:32:45]} {[%emt 00:01:22]} Qh3 {[%clk 00:45:04]}
{[%emt 00:00:31]} 27. Re3 {[%clk 00:32:01]} {[%emt 00:00:49]} Rg6 {[%clk
00:44:37]} {[%emt 00:00:32]} 28. Nf4 {[%clk 00:31:24]} {[%emt 00:00:39]} Bxf4
{[%clk 00:44:23]} {[%emt 00:00:22]} 29. f7 {[%clk 00:29:31]} {[%emt 00:01:59]}
Rf8 {[%clk 00:44:14]} {[%emt 00:00:14]} 30. Re8+ {[%clk 00:28:55]} {[%emt
00:00:41]} Kd7 {[%clk 00:43:38]} {[%emt 00:00:40]} 31. Qb5+ {[%clk 00:28:49]}
{[%emt 00:00:12]} c6 {[%clk 00:43:28]} {[%emt 00:00:14]} 32. Qxb7+ {[%clk
00:28:13]} {[%emt 00:00:40]} Bc7 {[%clk 00:41:40]} {[%emt 00:01:54]} 33. Qc8+
{[%clk 00:27:08]} {[%emt 00:01:11]} Kd6 {[%emt 00:02:39]} 34. Qxh3 {[%clk
00:24:59]} {[%emt 00:00:10]} Rxf7 {[%clk 00:38:28]} {[%emt 00:02:46]} 35. Rfe1
{[%clk 00:22:41]} {[%emt 00:02:22]} Ba5 {[%clk 00:37:29]} {[%emt 00:01:05]} 36.
R1e6+ {[%clk 00:22:18]} {[%emt 00:00:27]} Kc7 {[%clk 00:34:38]} {[%emt
00:02:56]} 37. Rxg6 {[%clk 00:20:13]} {[%emt 00:02:11]} hxg6 {[%clk 00:34:31]}
{[%emt 00:00:12]} 38. Qc8+ {[%clk 00:19:49]} {[%emt 00:00:29]} Kd6 {[%clk
00:34:14]} {[%emt 00:00:22]} 39. Qe6+ {[%clk 00:19:24]} {[%emt 00:00:30]} Kc7
{[%clk 00:33:50]} {[%emt 00:00:29]} 40. Bc5 {[%clk 00:19:04]} {[%emt 00:00:25]}
Rd7 {[%clk 00:32:53]} {[%emt 00:01:02]} 41. Qxg6 {[%clk 00:18:03]} {[%emt
00:01:06]} Bb6 {[%clk 00:32:30]} {[%emt 00:00:27]} 42. Bxb6+ {[%clk 00:17:44]}
{[%emt 00:00:25]} Kxb6 {[%clk 00:32:17]} {[%emt 00:00:17]} 43. Qf6 {[%clk
00:16:35]} {[%emt 00:01:15]} Nd6 {[%clk 00:31:49]} {[%emt 00:00:33]} 44. Re7
{[%clk 00:15:55]} {[%emt 00:00:44]} Rd8 {[%clk 00:31:16]} {[%emt 00:00:38]} 45.
Qh4 {[%clk 00:14:30]} {[%emt 00:01:31]} Rb8 {[%clk 00:30:14]} {[%emt 00:01:07]}
46. Qh6 {[%clk 00:14:01]} {[%emt 00:00:34]} Rd8 {[%clk 00:30:00]} {[%emt
00:00:19]} 47. Rh7 {[%clk 00:13:39]} {[%emt 00:00:26]} Nf5 {[%clk 00:29:10]}
{[%emt 00:00:56]} 48. Qf6 {[%clk 00:13:20]} {[%emt 00:00:23]} Nd6 {[%clk
00:28:36]} {[%emt 00:00:39]} 49. Rh8 {[%clk 00:13:18]} {[%emt 00:00:09]} Rxh8
{[%clk 00:27:29]} {[%emt 00:01:11]} 50. Qxh8 {[%clk 00:11:49]} {[%emt
00:01:34]} Kc5 {[%clk 00:27:18]} {[%emt 00:00:16]} 51. h4 {[%clk 00:11:46]}
{[%emt 00:00:08]} d4 {[%clk 00:27:00]} {[%emt 00:00:23]} 52. h5 {[%clk
00:11:46]} {[%emt 00:00:06]} Nf7 {[%clk 00:26:40]} {[%emt 00:00:24]} 53. Qf6
{[%clk 00:11:29]} {[%emt 00:00:22]} Nd6 {[%clk 00:26:26]} {[%emt 00:00:19]} 54.
h6 {[%clk 00:11:29]} {[%emt 00:00:06]} Ne8 {[%clk 00:25:39]} {[%emt 00:00:51]}
55. Qg6 {[%clk 00:11:19]} {[%emt 00:00:14]} Nd6 {[%clk 00:24:45]} {[%emt
00:01:00]} 56. h7 {[%clk 00:11:18]} {[%emt 00:00:06]} a5 {[%clk 00:22:32]}
{[%emt 00:02:18]} 57. h8=R {[%emt 00:00:13]} Kc4 {[%clk 00:21:45]} {[%emt
00:00:44]} 58. Qg4 {[%clk 00:11:10]} {[%emt 00:00:14]} a4 {[%clk 00:20:44]}
{[%emt 00:01:05]} 59. Rh4 {[%clk 00:11:05]} {[%emt 00:00:10]} a3 {[%clk
00:20:16]} {[%emt 00:00:33]} 60. Qxd4+ {[%clk 00:10:55]} {[%emt 00:00:16]} Kb5
{[%clk 00:19:54]} {[%emt 00:00:26]} 61. Qb4+ {[%clk 00:10:48]} {[%emt
00:00:12]} Ka6 {[%clk 00:19:37]} {[%emt 00:00:22]} 62. Qa4+ {[%clk 00:10:37]}
{[%emt 00:00:17]} Kb7 {[%clk 00:19:09]} {[%emt 00:00:31]} 63. Rh7+ {[%clk
00:10:33]} {[%emt 00:00:11]} Kb6 {[%clk 00:18:59]} {[%emt 00:00:14]} 64. Qa7+
{[%clk 00:10:26]} {[%emt 00:00:12]} Kb5 {[%clk 00:18:52]} {[%emt 00:01:48]} 65.
Rh5+ {[%clk 00:10:04]} {[%emt 00:00:19]} Kc4 {[%clk 00:18:32]} {[%emt
00:00:25]} 66. b3+ {[%clk 00:09:56]} {[%emt 00:00:12]} Kc3 {[%clk 00:18:19]}
{[%emt 00:00:17]} 67. Qc5+ {[%clk 00:09:38]} {[%emt 00:00:23]} Kd2 {[%clk
00:17:59]} {[%emt 00:00:25]} 68. Qe3+ {[%clk 00:09:35]} {[%emt 00:00:09]} Kd1
{[%clk 00:17:39]} {[%emt 00:00:26]} 69. Kf1 {[%clk 00:09:21]} {[%emt 00:00:19]}
Nf5 {[%clk 00:16:08]} {[%emt 00:01:36]} 70. Qe2+ {[%clk 00:09:13]} {[%emt
00:00:12]} Kc1 {[%clk 00:15:53]} {[%emt 00:00:19]} 71. Kg2 {[%clk 00:08:50]}
{[%emt 00:00:29]} Kb2 {[%clk 00:15:32]} {[%emt 00:00:25]} 72. Rh1 {[%clk
00:08:48]} {[%emt 00:00:09]} Kxa2 {[%clk 00:14:57]} {[%emt 00:00:38]} 73. Qe1
{[%clk 00:08:45]} {[%emt 00:00:09]} Ne3 74. fxe3 {[%clk 00:08:37]} Kb2 {[%clk
00:13:58]} {[%emt 00:00:28]} 75. c3 {[%clk 00:08:23]} {[%emt 00:00:19]} Kxb3
{[%clk 00:13:41]} {[%emt 00:00:22]} 76. Qb1+ {[%clk 00:08:17]} {[%emt
00:00:11]} Kxc3 {[%clk 00:13:33]} {[%emt 00:00:14]} 77. Rc1+ {[%clk 00:08:15]}
{[%emt 00:00:08]} Kd2 {[%clk 00:12:56]} {[%emt 00:00:42]} 78. Qc2+ {[%clk
00:08:11]} {[%emt 00:00:09]} Kxe3 {[%clk 00:12:45]} {[%emt 00:00:17]} 79. Re1+
{[%clk 00:08:04]} {[%emt 00:00:10]} Kd4 {[%clk 00:12:33]} {[%emt 00:00:17]} 80.
Qd2+ {[%clk 00:07:58]} {[%emt 00:00:12]} Kc5 {[%clk 00:12:16]} {[%emt
00:00:21]} 81. Rc1+ {[%clk 00:07:48]} {[%emt 00:00:15]} Kb6 {[%clk 00:12:04]}
{[%emt 00:00:16]} 82. Qb4+ {[%clk 00:07:45]} {[%emt 00:00:10]} Kc7 {[%clk
00:11:54]} {[%emt 00:00:13]} 83. Qc5 {[%clk 00:07:46]} {[%emt 00:00:05]} Kd7
{[%clk 00:11:33]} {[%emt 00:00:26]} 84. Qxc6+ {[%clk 00:07:41]} {[%emt
00:00:11]} Ke7 {[%clk 00:11:23]} {[%emt 00:00:14]} 85. Rb1 {[%clk 00:07:34]}
{[%emt 00:00:12]} Kf7 {[%clk 00:10:03]} {[%emt 00:01:25]} 86. Rb7+ {[%clk
00:07:33]} {[%emt 00:00:06]} Kf8 {[%clk 00:09:52]} {[%emt 00:00:16]} 87. Qc8#
{[%clk 00:07:34]} {[%emt 00:00:04]} 1-0